00716 2200217 4500001002100000005001500021035002000036007000300056008004100059020002200100082001200122084001800134100002800152245005900180250001000239260002700249300003000276650002800306505015500334990000900489INLIS00000000000002820170906093907 a0010-0917000014ta170906 0 ind  a978-602-8975-73-5 a297.292 a297.292 AS- e0 aAs-Suwaidan, Dr. Thariq1 aEnsiklopedi Yahudi Bergambar /cDr. Thariq As-Suwaidan aCet.1 aSolo :bZAm-ZAm,c2015 a592 hlm :b.ilus ;c23 cm aEnsiklopedi Agama Islam aPembahasan lengkap seputar Yahudi: Sejarah, Aqidah, Kitab Suci, Syariat, Sekte, Organisasi, Ekonomi, Pendidikan, Militer, Politik, dan Tokoh-tokohnya. a6108